Nick Fury Movies - Statistics

General Stats
  • This quiz has been taken 23 times
  • The average score is 11 of 12
Answer Stats
Year Samuel L. Jackson % Correct
2015 Avengers: Age of Ultron
100%
2019 Avengers: Endgame
100%
2018 Avengers: Infinity War
100%
2019 Captain Marvel
100%
2012 The Avengers
100%
2011 Captain America: The First Avenger
94%
2008 Iron Man
94%
2010 Iron Man 2
94%
2011 Thor
88%
2014 Captain America: The Winter Soldier
82%
2019 Spider-Man: Far From Home
76%
2023 The Marvels
65%
No matching quizzes found
Score Distribution
Percent of People with Each Score
Percentile by Number Answered
Your Score History
You have not taken this quiz